000 00856nam a2200241 i 4500
001 142098
003 ES-MaACL
005 20250812082609.0
007 t|
008 071002s1910 xxkaf |||| | eng d
100 1 _aWilliamson, George C.
_9116968
245 1 0 _aCatalogue of the collection of jewels and precious works of art, the property of J. Pierpont Morgan /
_ccompiled at his request by G.C. Williamson.
250 _aEdición de 150 ejemplares.
260 _aLondon :
_bCharles Whittingham,
_c1910.
300 _aXXII, 184 p., 104 h. de lám. :
_bil. ;
_c38 cm.
595 _aEjemplar n. 129 de una tirada de 150.
600 1 4 _aMorgan, John Pierpont.
_9163785
650 4 _aJoyas.
_9158193
650 0 4 _aJoyería.
_913964
650 7 _aArtes decorativas
_2embne
_9135625
852 _aES-MaACL
_jC-776
999 _c142098
_d142098